00728 a2200205 450000500170000000800410001702000150005804000500007304100080012310000280013124500850015926000420024430000400028649000260032665000360035265000350038865000360042365000300045970000330048920180312141943.0131001s2002 sp a br|||| 00| 0 spa d a8434885352 aCO-BoUCMbspacJose A. GerenadJose A. Gerena00aspa1 aVillar Liébana, Luisa13aLa flor del tamarindocLuisa villar Liébana ; ilustraciones de Jesús Gabán c2002bEdiciones SMaMadrid (España) a60 páginasbilustraciones a color aEl barco de vaporv94 7aLibros ilustrados para niños  7aLibros y lectura para niños  7aLiteratura infantil española  7aNiños en la literatura 1 aGabán, Jesúseilustrador